La quinta disciplina en la práctica: estrategias y herramientas para construir la organización abierta al aprendizaje
Uloženo v:
| Hlavní autoři: | , , , , |
|---|---|
| Médium: | Kniha |
| Jazyk: | španělština |
| Vydáno: |
Buenos Aires
Granica
2006
|
| Témata: | |
| Tagy: |
Přidat tag
Žádné tagy, Buďte první, kdo vytvoří štítek k tomuto záznamu!
|
MARC
| LEADER | 00000cam a2200000 a 4500 | ||
|---|---|---|---|
| 001 | UCI2136 | ||
| 003 | CL-VaPUC | ||
| 008 | 070803e20060000AG |||||||||||||||||spa|d | ||
| 020 | |a 9506414211 | ||
| 082 | 0 | 4 | |a 658.406 |b SEN |2 21 |
| 100 | 0 | |a Senge, Peter M |e author |9 523011 | |
| 700 | 0 | |a Roberts, Charlotte |e author |9 523012 | |
| 700 | 0 | |a Ross, Richard B |e author |9 523013 | |
| 700 | 0 | |a Smith, Bryan J |e author |9 523014 | |
| 700 | 0 | |a Kleiner, Art |e author |9 523015 | |
| 245 | 1 | 3 | |a La quinta disciplina en la práctica: estrategias y herramientas para construir la organización abierta al aprendizaje |
| 300 | |a 593 p | ||
| 942 | |c BK | ||
| 945 | |d 20070803 00:00:00 |a jtorresc | ||
| 260 | |a Buenos Aires |b Granica |c 2006 | ||
| 650 | 0 | |a Aprendizaje organizacional |9 263803 | |
| 650 | 0 | |a Desarrollo organizacional |9 356124 | |
| 650 | 0 | |a Planificación estratégica |9 259735 | |
| 583 | |a last modification |c 20180720 11:38:58 |k Rodrigo Vera | ||
| 999 | |c 326771 |d 326769 | ||
| 952 | |0 0 |1 0 |2 ddc |4 0 |6 658_406000000000000_SEN_2006 |7 0 |8 A |9 408901 |a BIBING |b BIBING |c RES |d 2019-11-22 |i 4360494 |o 658.406 SEN 2006 |p 4360494 |r 2025-01-20 |w 2019-11-22 |y BK |k CIC | ||
| 952 | |0 0 |1 0 |3 erb |4 0 |6 658_406000000000000_SEN_2006 |7 0 |8 A |9 408902 |a BIBGIM |b BIBGIM |i 5481945 |o 658.406 SEN 2006 |p 5481945 |r 2025-01-15 |w 2019-11-22 |y BK |z Catalogado en:20180720 |k COM | ||
| 952 | |0 0 |1 0 |3 erb |4 0 |6 658_406000000000000_SEN_2006 |7 0 |8 A |9 408903 |a BIBGIM |b BIBGIM |i 5481937 |o 658.406 SEN 2006 |p 5481937 |r 2025-01-15 |w 2019-11-22 |y BK |z Catalogado en:20180720 |k COM | ||
| 952 | |0 0 |1 0 |3 erb |4 0 |6 658_406000000000000_SEN_2006 |7 0 |8 A |9 408904 |a BIBGIM |b BIBGIM |i 5481929 |l 2 |m 2 |o 658.406 SEN 2006 |p 5481929 |r 2025-01-15 |s 2023-08-16 |w 2019-11-22 |y BK |z Catalogado en:20180720 |k COM | ||
| 952 | |0 0 |1 0 |3 erb |4 0 |6 658_406000000000000_SEN_2006 |7 0 |8 A |9 408905 |a BIBGIM |b BIBGIM |i 5481910 |o 658.406 SEN 2006 |p 5481910 |r 2025-01-15 |w 2019-11-22 |y BK |z Catalogado en:20180720 |k COM | ||
| 952 | |0 0 |1 0 |3 erb |4 0 |6 658_406000000000000_SEN_2006 |7 0 |8 A |9 408906 |a BIBGIM |b BIBGIM |i 5481902 |o 658.406 SEN 2006 |p 5481902 |r 2025-01-15 |w 2019-11-22 |y BK |z Catalogado en:20180720 |k COM | ||
| 952 | |0 0 |1 0 |3 erb |4 0 |6 658_406000000000000_SEN_2006 |7 0 |8 A |9 408907 |a BIBGIM |b BIBGIM |i 5481899 |o 658.406 SEN 2006 |p 5481899 |r 2025-01-15 |w 2019-11-22 |y BK |z Catalogado en:20180720 |k COM | ||
| 952 | |0 0 |1 0 |3 erb |4 0 |6 658_406000000000000_SEN_2006 |7 0 |8 A |9 408908 |a BIBGIM |b BIBGIM |i 5481880 |o 658.406 SEN 2006 |p 5481880 |r 2025-01-15 |w 2019-11-22 |y BK |z Catalogado en:20180720 |k COM | ||